| 000 | 00455nam a22001817a 4500 | ||
|---|---|---|---|
| 003 | NUST - PNEC | ||
| 005 | 20170116180922.0 | ||
| 008 | 150904b xxu||||| |||| 00| 0 eng d | ||
| 020 | _a- | ||
| 040 | _cLIBRARY | ||
| 082 | _a620.3 TIM | ||
| 100 |
_97815 _aTimoshenko, S. |
||
| 245 |
_aVibrations problems in engineering _cS. Timoshenko |
||
| 250 | _a3rd ed. | ||
| 260 | _cc.1955 | ||
| 650 |
_97817 _aElectronics engineering _xEE, EL |
||
| 942 |
_2ddc _cBK |
||
| 999 |
_c65642 _d65642 |
||